000 00396nam a2200169Ia 4500
003 0100
008 130303s9999 xx 000 0 und d
040 _cARRUPELIB
050 _aPR5438.R371967
100 _aReiter, Seymour
245 2 _aA Study of Shelley's Poetry
260 _aNew Mexico
260 _bThe University of New Mexico Press
260 _C1967
300 _a335p
942 0 0 _01
999 _c37686
_d37686